Teología alemana y teología latinoamericana de la liberación: un esfuerzo de diálogo
Salvato in:
| Natura: | Libro |
|---|---|
| Lingua: | Undetermined |
| Pubblicazione: |
San José, Costa Rica
Departamento Eucuménico de Investigaciones
1990
|
| Soggetti: | |
| Tags: |
Aggiungi Tag
Nessun Tag, puoi essere il primo ad aggiungerne!!
|
MARC
| LEADER | 00000nam a2200000Ia 4500 | ||
|---|---|---|---|
| 008 | 170316s9999 xx 000 0 und d | ||
| 090 | |a 230 T-3t | ||
| 245 | |a Teología alemana y teología latinoamericana de la liberación: un esfuerzo de diálogo | ||
| 260 | |a San José, Costa Rica | ||
| 260 | |b Departamento Eucuménico de Investigaciones | ||
| 260 | |c 1990 | ||
| 300 | |a 123 páginas | ||
| 650 | |a TEOLOGÍA | ||
| 650 | |a TEOLOGÍA ALEMANA - LIBERACIÓN | ||
| 650 | |a TEOLOGÍA LATINOAMERICANA - LIBERACIÓN | ||
| 999 | |c 18096 |d 18096 | ||
| 040 | |a cru BVZT | ||
| 942 | |c 15 D |h 230 T-3t |2 z | ||
